[Event "Guernsey op 43rd"]
[Site "Vale"]
[Date "2017.10.21"]
[Round "7"]
[White "Fassaert, Desire Jm"]
[Black "Wager, John D"]
[Result "0-1"]
[WhiteElo "1923"]
[BlackElo "2025"]
[PlyCount "82"]
[EventDate "2017.10.15"]
[EventType "swiss"]
[EventRounds "7"]
[EventCountry "GCI"]
[SourceTitle "CBM 181 Extra"]
[Source "ChessBase"]
[SourceDate "2017.12.12"]
[SourceVersion "1"]
[SourceVersionDate "2017.12.12"]
[SourceQuality "1"]

1. c4 Nf6 2. g3 g6 3. Bg2 Bg7 4. Nc3 e5 5. e3 0-0 6. Nge2 c6 7. d4 d6 8. 0-0 Qc7 9. b3 a6 10. Ba3 Rd8 11. Qc2 Nbd7 12. Rad1 Nf8 13. Rd2 Bf5 14. e4 Be6 15. dxe5 dxe5 16. Rfd1 Ne8 17. Rd3 Bf6 18. Bc1 Rxd3 19. Rxd3 Rd8 20. Be3 Rxd3 21. Qxd3 Qd7 22. Qxd7 Nxd7 23. c5 Be7 24. Na4 Nc7 25. Kf1 Kg7 26. Ke1 h6 27. f3 Bg5 28. Kd2 Bxe3+ 29. Kxe3 f6 30. Bf1 Kf7 31. Nc1 Ke7 32. Kd2 Nb5 33. Ne2 g5 34. Ke3 h5 35. Kd3 f5 36. f4 exf4 37. gxf4 fxe4+ 38. Kxe4 Nf6+ 39. Ke3 Ng4+ 40. Kd3 Nxh2 41. Nb2 h4 0-1

[Event "Guernsey op 43rd"]
[Site "Vale"]
[Date "2017.10.19"]
[Round "5"]
[White "Fassaert, Desire Jm"]
[Black "Hamperl, Fred A"]
[Result "1/2-1/2"]
[WhiteElo "1923"]
[BlackElo "2062"]
[PlyCount "62"]
[EventDate "2017.10.15"]
[EventType "swiss"]
[EventRounds "7"]
[EventCountry "GCI"]
[SourceTitle "CBM 181 Extra"]
[Source "ChessBase"]
[SourceDate "2017.12.12"]
[SourceVersion "1"]
[SourceVersionDate "2017.12.12"]
[SourceQuality "1"]

1. c4 e5 2. Nc3 Nc6 3. g3 f5 4. Bg2 Nf6 5. e3 Be7 6. Nge2 0-0 7. 0-0 Qe8 8. d4 d6 9. b3 Bd7 10. Bb2 a6 11. Qd2 Qh5 12. Nd5 Bd8 13. Rad1 e4 14. Nef4 Qh6 15. Nxf6+ Qxf6 16. f3 exf3 17. Bxf3 Qh6 18. Rde1 Rb8 19. Qc3 Re8 20. Nd5 Ne7 21. Bg2 Nxd5 22. Bxd5+ Kh8 23. Bg2 b5 24. c5 b4 25. Qd2 Bg5 26. Bc1 dxc5 27. dxc5 Rbd8 28. Qxb4 Bxe3+ 29. Bxe3 Rxe3 30. Qf4 Qxf4 31. gxf4 Ree8 1/2-1/2

[Event "Guernsey op 42nd"]
[Site "Vale"]
[Date "2016.10.21"]
[Round "6"]
[White "Havenaar, Jan"]
[Black "Fassaert, Desire Jm"]
[Result "1/2-1/2"]
[WhiteElo "2071"]
[BlackElo "1919"]
[PlyCount "40"]
[EventDate "2016.10.16"]
[EventType "swiss"]
[EventRounds "7"]
[EventCountry "GCI"]
[SourceTitle "CBM 175 Extra"]
[Source "ChessBase"]
[SourceDate "2016.12.12"]
[SourceVersion "1"]
[SourceVersionDate "2016.12.12"]
[SourceQuality "1"]

1. e4 c6 2. Nc3 d5 3. Nf3 Bg4 4. h3 Bxf3 5. Qxf3 e6 6. Qg3 Nd7 7. d3 g6 8. Bd2 Bg7 9. 0-0-0 Qb6 10. f4 0-0-0 11. f5 d4 12. Ne2 exf5 13. exf5 Ne7 14. fxg6 fxg6 15. Qe1 Rde8 16. c4 Nf5 17. Kb1 Qc5 18. g4 Ne3 19. Bxe3 Rxe3 20. Qd2 Rhe8 1/2-1/2

[Event "Guernsey op 42nd"]
[Site "Vale"]
[Date "2016.10.20"]
[Round "5"]
[White "Fassaert, Desire Jm"]
[Black "Wager, John D"]
[Result "1/2-1/2"]
[WhiteElo "1919"]
[BlackElo "2027"]
[PlyCount "82"]
[EventDate "2016.10.16"]
[EventType "swiss"]
[EventRounds "7"]
[EventCountry "GCI"]
[SourceTitle "CBM 175 Extra"]
[Source "ChessBase"]
[SourceDate "2016.12.12"]
[SourceVersion "1"]
[SourceVersionDate "2016.12.12"]
[SourceQuality "1"]

1. c4 Nf6 2. Nf3 g6 3. b3 Bg7 4. Bb2 0-0 5. g3 d6 6. d4 Nbd7 7. Bg2 c5 8. 0-0 cxd4 9. Nxd4 Nc5 10. Nc3 Rb8 11. Qd2 Ne6 12. Rac1 Qa5 13. Ne4 Qxd2 14. Nxd2 Nxd4 15. Bxd4 b6 16. Rfd1 Bb7 17. Nb1 Bxg2 18. Kxg2 Rfc8 19. f3 Rc6 20. Nc3 Ne8 21. Nd5 Rb7 22. Bxg7 Kxg7 23. e4 Kf8 24. Kf2 e6 25. Ne3 Ke7 26. Rc2 Rc5 27. Ke2 a6 28. Rdc1 f5 29. Kd3 fxe4+ 30. fxe4 Nf6 31. Rf1 Rb8 32. Rcf2 Rf8 33. Ng4 Nd7 34. Rxf8 Nxf8 35. Ne3 Nd7 36. h4 Ne5+ 37. Kd4 Nc6+ 38. Kc3 Ne5 39. Rf2 b5 40. Kd4 bxc4 41. Nxc4 Nxc4 1/2-1/2

[Event "Guernsey op 42nd"]
[Site "Vale"]
[Date "2016.10.19"]
[Round "4"]
[White "Campbell, Ian"]
[Black "Fassaert, Desire Jm"]
[Result "1/2-1/2"]
[WhiteElo "1985"]
[BlackElo "1919"]
[PlyCount "30"]
[EventDate "2016.10.16"]
[EventType "swiss"]
[EventRounds "7"]
[EventCountry "GCI"]
[SourceTitle "CBM 175 Extra"]
[Source "ChessBase"]
[SourceDate "2016.12.12"]
[SourceVersion "1"]
[SourceVersionDate "2016.12.12"]
[SourceQuality "1"]

1. d4 Nf6 2. Nf3 e6 3. e3 b6 4. Bd3 Bb7 5. Nbd2 c5 6. 0-0 Be7 7. Qe2 0-0 8. c3 d5 9. e4 dxe4 10. Nxe4 Bxe4 11. Bxe4 Nxe4 12. Qxe4 Nd7 13. Re1 cxd4 14. Nxd4 Nc5 15. Qf3 Bf6 1/2-1/2

[Event "Guernsey op 41st"]
[Site "Vale"]
[Date "2015.10.19"]
[Round "2"]
[White "Fassaert, Desire Jm"]
[Black "Hamperl, Fred A"]
[Result "1-0"]
[WhiteElo "1912"]
[BlackElo "2082"]
[PlyCount "71"]
[EventDate "2015.10.18"]
[EventType "swiss"]
[EventRounds "7"]
[EventCountry "GCI"]
[SourceTitle "EXT 2017"]
[Source "ChessBase"]
[SourceDate "2016.10.25"]
[SourceVersion "1"]
[SourceVersionDate "2016.10.25"]
[SourceQuality "1"]

1. c4 e5 2. Nc3 Nc6 3. g3 d6 4. Bg2 g6 5. e3 Bg7 6. Nge2 f5 7. b3 Nf6 8. Bb2 0-0 9. 0-0 Ne7 10. d4 e4 11. f3 exf3 12. Bxf3 c6 13. d5 Qb6 14. Qd4 c5 15. Qd2 g5 16. e4 h6 17. Bg2 Ng4 18. Rae1 Bd7 19. h3 Ne5 20. exf5 Nxf5 21. Ba1 Rae8 22. Ne4 Re7 23. g4 Nh4 24. Rxf8+ Kxf8 25. Rf1+ Rf7 26. Rxf7+ Kxf7 27. Qd1 Ke7 28. N2g3 Qa5 29. a4 Qb4 30. Bc3 Qa3 31. Qc2 a6 32. Nd2 Nxg2 33. Kxg2 Bxa4 34. bxa4 Nxc4 35. Nf5+ Kf7 36. Bxg7 1-0

[Event "Guernsey op 40th"]
[Site "Vale"]
[Date "2014.10.23"]
[Round "5"]
[White "Sikkel, Dirk"]
[Black "Fassaert, Desire Jm"]
[Result "0-1"]
[WhiteElo "2007"]
[BlackElo "1908"]
[PlyCount "200"]
[EventDate "2014.10.19"]
[EventType "swiss"]
[EventRounds "7"]
[EventCountry "GCI"]
[SourceTitle "EXT 2016"]
[Source "ChessBase"]
[SourceDate "2015.10.08"]
[SourceVersion "1"]
[SourceVersionDate "2015.10.08"]
[SourceQuality "1"]

1. e4 c6 2. d4 d5 3. exd5 cxd5 4. Bd3 Nc6 5. c3 Nf6 6. Bf4 Bg4 7. Qb3 Na5 8. Qc2 e6 9. Nd2 Bh5 10. Ngf3 Be7 11. Ne5 Nc6 12. 0-0 Nd7 13. Nxc6 bxc6 14. b4 Bg6 15. Bxg6 hxg6 16. Rfe1 Nf6 17. Nf3 Bd6 18. Bxd6 Qxd6 19. Ne5 Nd7 20. f4 Nxe5 21. fxe5 Qe7 22. Re3 Rh5 23. Rb1 a6 24. Qa4 Qb7 25. Qb3 Kf8 26. Rf1 Rf5 27. Rxf5 gxf5 28. Rh3 g6 29. c4 dxc4 30. Qxc4 Kg7 31. Rc3 a5 32. a3 axb4 33. axb4 Ra4 34. Rb3 Qb5 35. Qxb5 cxb5 36. Rb2 Kf8 37. Kf2 Ke7 38. Ke2 Kd7 39. Kd2 Kc6 40. Rc2+ Kd5 41. Ke3 Ra3+ 42. Kf4 Kxd4 43. Rc5 Re3 44. Rxb5 Re4+ 45. Kf3 Rxe5 46. Rb7 g5 47. Rxf7 Re3+ 48. Kf2 Rb3 49. Rd7+ Ke4 50. Rb7 g4 51. Rg7 Rxb4 52. Kg3 Rb3+ 53. Kf2 e5 54. Ra7 f4 55. Ra4+ Kd3 56. Ra8 Rb2+ 57. Kf1 Rc2 58. Ra3+ Rc3 59. Ra1 e4 60. Rd1+ Ke3 61. Re1+ Kd4 62. Rd1+ Rd3 63. Ra1 e3 64. Ra4+ Ke5 65. Ke1 Rd4 66. Ra8 Rd2 67. Re8+ Kf5 68. Rf8+ Ke4 69. Re8+ Kd3 70. Rd8+ Kc2 71. Rc8+ Kb3 72. Rb8+ Kc4 73. Rc8+ Kb5 74. Rb8+ Kc6 75. Rf8 Rf2 76. h4 gxh3 77. gxh3 Kd5 78. Re8 Rh2 79. h4 Rxh4 80. Ke2 Rh2+ 81. Kd3 Rd2+ 82. Kc3 Rf2 83. Kd3 Kd6 84. Re4 Kd5 85. Re8 Ra2 86. Re7 Ra4 87. Re8 Rd4+ 88. Ke2 Rd2+ 89. Kf3 Rf2+ 90. Kg4 Kd4 91. Rd8+ Kc3 92. Rc8+ Kd2 93. Rd8+ Ke1 94. Ra8 Kf1 95. Ra1+ Kg2 96. Re1 e2 97. Ra1 Rf1 98. Ra2 f3 99. Rb2 Kf2 100. Kf4 Kg1 0-1

[Event "Guernsey op 40th"]
[Site "Vale"]
[Date "2014.10.21"]
[Round "3"]
[White "Fassaert, Desire Jm"]
[Black "Von Saldern, Ruediger"]
[Result "1/2-1/2"]
[WhiteElo "1908"]
[BlackElo "1966"]
[PlyCount "29"]
[EventDate "2014.10.19"]
[EventType "swiss"]
[EventRounds "7"]
[EventCountry "GCI"]
[SourceTitle "EXT 2016"]
[Source "ChessBase"]
[SourceDate "2015.10.08"]
[SourceVersion "1"]
[SourceVersionDate "2015.10.08"]
[SourceQuality "1"]

1. Nf3 d5 2. e3 Nf6 3. b3 Bg4 4. Be2 e6 5. Bb2 Be7 6. d3 0-0 7. 0-0 Nbd7 8. Nbd2 c5 9. Ne5 Bxe2 10. Qxe2 Nxe5 11. Bxe5 Nd7 12. Bb2 Bf6 13. Bxf6 Nxf6 14. f4 Rc8 15. Rad1 1/2-1/2

[Event "Guernsey op 40th"]
[Site "Vale"]
[Date "2014.10.20"]
[Round "2"]
[White "Kirby, Peter J"]
[Black "Fassaert, Desire Jm"]
[Result "1/2-1/2"]
[WhiteElo "1985"]
[BlackElo "1908"]
[PlyCount "82"]
[EventDate "2014.10.19"]
[EventType "swiss"]
[EventRounds "7"]
[EventCountry "GCI"]
[SourceTitle "EXT 2016"]
[Source "ChessBase"]
[SourceDate "2015.10.08"]
[SourceVersion "1"]
[SourceVersionDate "2015.10.08"]
[SourceQuality "1"]

1. c4 f5 2. g3 Nf6 3. Bg2 g6 4. Nc3 Bg7 5. d3 d6 6. e4 fxe4 7. dxe4 e5 8. Nge2 0-0 9. 0-0 Nc6 10. Bg5 h6 11. Be3 Be6 12. Nd5 Qd7 13. f3 Rad8 14. Qd2 Kh7 15. Rad1 a6 16. Qc1 Qf7 17. a3 Rc8 18. b3 Ne7 19. Qd2 Rfd8 20. Nec3 Nc6 21. Rf2 Rf8 22. b4 Ne7 23. Qc1 Nc6 24. Rfd2 Rfd8 25. Qb2 Ng8 26. a4 Nd4 27. Rf2 c5 28. b5 Rb8 29. Rb1 axb5 30. axb5 Ra8 31. Ra1 Nf6 32. Rff1 Nxd5 33. exd5 Bf5 34. Ne4 Rxa1 35. Rxa1 Bxe4 36. fxe4 Rf8 37. Rf1 Qe7 38. Rxf8 Qxf8 39. Qf2 Kg8 40. Bh3 Qxf2+ 41. Kxf2 b6 1/2-1/2

[Event "Guernsey op"]
[Site "Guernsey"]
[Date "2013.10.26"]
[Round "7"]
[White "Fassaert, Desire Jm"]
[Black "Lewicki, Pawel"]
[Result "0-1"]
[WhiteElo "1919"]
[BlackElo "1875"]
[PlyCount "68"]
[EventDate "2013.10.20"]
[EventType "swiss"]
[EventRounds "7"]
[EventCountry "GCI"]
[SourceTitle "CBM 157 Extra"]
[Source "ChessBase"]
[SourceDate "2013.12.19"]
[SourceVersion "1"]
[SourceVersionDate "2013.12.19"]
[SourceQuality "1"]

1. Nf3 d5 2. e3 c5 3. Bb5+ Bd7 4. Qe2 Nc6 5. 0-0 Qc7 6. d3 e6 7. e4 0-0-0 8. c3 f6 9. d4 g5 10. dxc5 dxe4 11. Qxe4 Bxc5 12. Be3 Bxe3 13. Qxe3 e5 14. Na3 Nge7 15. Rfd1 Bg4 16. Be2 Nd5 17. Qe4 f5 18. Qc2 Nf4 19. Rxd8+ Rxd8 20. Bf1 Ne6 21. Ne1 e4 22. f3 exf3 23. gxf3 Qb6+ 24. Kh1 Ne5 25. fxg4 fxg4 26. Bg2 Nf4 27. Qf5+ Qe6 28. Qe4 Nxg2 29. Nxg2 g3 30. Ne3 Rd2 31. Qf5 Rxh2+ 32. Kg1 Qxf5 33. Nxf5 Ng4 34. Kf1 g2+ 0-1

[Event "Guernsey op"]
[Site "Guernsey"]
[Date "2013.10.25"]
[Round "6"]
[White "Dennis, Nigel W"]
[Black "Fassaert, Desire Jm"]
[Result "1-0"]
[WhiteElo "1845"]
[BlackElo "1919"]
[PlyCount "127"]
[EventDate "2013.10.20"]
[EventType "swiss"]
[EventRounds "7"]
[EventCountry "GCI"]
[SourceTitle "CBM 157 Extra"]
[Source "ChessBase"]
[SourceDate "2013.12.19"]
[SourceVersion "1"]
[SourceVersionDate "2013.12.19"]
[SourceQuality "1"]

1. e4 c6 2. d4 d5 3. exd5 cxd5 4. c4 Nf6 5. Nc3 e6 6. Bg5 Be7 7. Nf3 0-0 8. c5 h6 9. Bf4 b6 10. b4 a5 11. a3 axb4 12. axb4 Rxa1 13. Qxa1 bxc5 14. bxc5 Nc6 15. Bb5 Bb7 16. 0-0 Nh5 17. Bxc6 Bxc6 18. Ne5 Nxf4 19. Nxc6 Qc7 20. Nxe7+ Qxe7 21. g3 Qg5 22. Kh1 Ng6 23. f4 Qf5 24. Qb1 Qf6 25. Qd3 h5 26. f5 Ne7 27. fxe6 Qxe6 28. Qe2 Qh3 29. Qg2 Qd7 30. Qf3 g6 31. Kg2 Kg7 32. Qf6+ Kh7 33. Re1 Nf5 34. Qe5 f6 35. Qxd5 Qxd5+ 36. Nxd5 Nxd4 37. Ne7 Re8 38. Kf2 Nb5 39. Nd5 Rxe1 40. Kxe1 Kg7 41. c6 f5 42. c7 Nd6 43. Nb6 Kf6 44. c8Q Nxc8 45. Nxc8 Kg5 46. Kf2 f4 47. Ne7 fxg3+ 48. Kxg3 Kf6 49. Nd5+ Kf5 50. Kh4 Ke5 51. Ne3 Ke4 52. Nf1 Kf5 53. Kg3 g5 54. Nd2 h4+ 55. Kg2 g4 56. Kf1 Kf4 57. Ke2 g3 58. h3 Kg5 59. Kf3 Kf5 60. Nc4 Kg5 61. Ne3 Kh5 62. Ng2 Kg5 63. Ke4 Kh5 64. Kf5 1-0

[Event "Guernsey op"]
[Site "Guernsey"]
[Date "2013.10.23"]
[Round "4"]
[White "Fassaert, Desire Jm"]
[Black "Thurlow, Kevin J"]
[Result "1/2-1/2"]
[WhiteElo "1919"]
[BlackElo "2016"]
[PlyCount "37"]
[EventDate "2013.10.20"]
[EventType "swiss"]
[EventRounds "7"]
[EventCountry "GCI"]
[SourceTitle "CBM 157 Extra"]
[Source "ChessBase"]
[SourceDate "2013.12.19"]
[SourceVersion "1"]
[SourceVersionDate "2013.12.19"]
[SourceQuality "1"]

1. Nf3 Nf6 2. d4 e6 3. Bg5 c5 4. e3 Be7 5. Bd3 Qb6 6. Qc1 h6 7. Bh4 Nc6 8. c3 d5 9. Nbd2 Bd7 10. dxc5 Qxc5 11. 0-0 e5 12. e4 dxe4 13. Nxe4 Nxe4 14. Bxe7 Qxe7 15. Bxe4 0-0-0 16. Qe3 f6 17. Nh4 Qe6 18. Bf5 Qc4 19. Qe4 1/2-1/2

[Event "Guernsey op"]
[Site "Guernsey"]
[Date "2013.10.22"]
[Round "3"]
[White "Maloberti, David"]
[Black "Fassaert, Desire Jm"]
[Result "1-0"]
[WhiteElo "2059"]
[BlackElo "1919"]
[PlyCount "49"]
[EventDate "2013.10.20"]
[EventType "swiss"]
[EventRounds "7"]
[EventCountry "GCI"]
[SourceTitle "CBM 157 Extra"]
[Source "ChessBase"]
[SourceDate "2013.12.19"]
[SourceVersion "1"]
[SourceVersionDate "2013.12.19"]
[SourceQuality "1"]

1. d4 Nf6 2. c4 e6 3. Nf3 Bb4+ 4. Nc3 c5 5. e3 Nc6 6. a3 Bxc3+ 7. bxc3 d6 8. Bd3 e5 9. Qc2 0-0 10. 0-0 h6 11. d5 Ne7 12. Nd2 Bg4 13. f4 exf4 14. exf4 Nd7 15. h3 Bh5 16. Ne4 Qc7 17. g4 Bg6 18. f5 Bh7 19. f6 Ng6 20. fxg7 Kxg7 21. Ng3 Nde5 22. Bxh6+ Kxh6 23. Nf5+ Kg5 24. Qd2+ Kf6 25. g5# 1-0

[Event "Guernsey op 38th"]
[Site "Guernsey"]
[Date "2012.10.25"]
[Round "5"]
[White "Fassaert, Desire Jm"]
[Black "Heppell, Ian"]
[Result "0-1"]
[WhiteElo "1939"]
[BlackElo "2118"]
[PlyCount "32"]
[EventDate "2012.10.21"]
[EventType "swiss"]
[EventRounds "7"]
[EventCountry "GCI"]
[SourceTitle "EXT 2013"]
[Source "ChessBase"]
[SourceDate "2012.11.22"]
[SourceVersion "1"]
[SourceVersionDate "2012.11.22"]
[SourceQuality "1"]

1. d4 d6 2. e4 Nf6 3. Nc3 Nbd7 4. Nf3 e5 5. Bc4 Be7 6. 0-0 0-0 7. Re1 c6 8. a4 Qc7 9. b3 Nb6 10. Bf1 Bg4 11. Be2 Rad8 12. Ng5 Bxe2 13. Rxe2 d5 14. exd5 exd4 15. Qxd4 Nfxd5 16. Nxd5 Rxd5 0-1

[Event "Guernsey op 37th"]
[Site "Guernsey"]
[Date "2011.10.20"]
[Round "5"]
[White "Dijksterhuis, Rolf"]
[Black "Fassaert, Desire Jm"]
[Result "1/2-1/2"]
[WhiteElo "1998"]
[BlackElo "1930"]
[PlyCount "46"]
[EventDate "2011.10.16"]
[EventType "swiss"]
[EventRounds "7"]
[EventCountry "GCI"]
[SourceTitle "EXT 2012"]
[Source "ChessBase"]
[SourceDate "2011.11.24"]
[SourceVersion "1"]
[SourceVersionDate "2011.11.24"]
[SourceQuality "1"]

1. d4 Nf6 2. c4 e6 3. Nf3 Bb4+ 4. Bd2 Qe7 5. a3 Bxd2+ 6. Qxd2 d6 7. Nc3 0-0 8. e4 e5 9. d5 a5 10. Be2 a4 11. 0-0 Na6 12. Ne1 Nc5 13. Qc2 b6 14. f3 Nh5 15. Nd3 Nxd3 16. Bxd3 Bd7 17. Ne2 Qg5 18. Qc1 Nf4 19. Nxf4 Qxf4 20. Qxf4 exf4 21. Kf2 g5 22. h4 h6 23. Rh1 Kg7 1/2-1/2

[Event "Guernsey op"]
[Site "Grand Havre Bay"]
[Date "2010.10.18"]
[Round "2"]
[White "Fassaert, Desire Jm"]
[Black "Pickersgill, Adrian"]
[Result "0-1"]
[WhiteElo "1926"]
[BlackElo "2030"]
[PlyCount "64"]
[EventDate "2010.10.17"]
[EventType "swiss"]
[EventRounds "7"]
[EventCountry "GCI"]
[SourceTitle "EXT 2011"]
[Source "ChessBase"]
[SourceDate "2010.11.26"]
[SourceVersion "1"]
[SourceVersionDate "2010.11.26"]
[SourceQuality "1"]

1. d4 d6 2. e4 Nf6 3. Nc3 c6 4. f4 Qa5 5. Bd3 e5 6. Nf3 Nbd7 7. 0-0 Be7 8. Kh1 0-0 9. a3 exd4 10. Nxd4 g6 11. b4 Qc7 12. Bb2 a5 13. Qe2 Re8 14. g4 axb4 15. axb4 Rxa1 16. Bxa1 d5 17. e5 Bxb4 18. Qg2 Bxc3 19. Bxc3 Ne4 20. Bxe4 dxe4 21. Nf5 Kf8 22. Nd6 Re7 23. Nxe4 b6 24. Qh3 h5 25. Nd6 Nc5 26. f5 Ba6 27. Re1 Na4 28. Ba1 Qxd6 29. exd6 Rxe1+ 30. Kg2 Bf1+ 31. Kf2 Bxh3 32. Kxe1 Bxg4 0-1

[Event "Guernsey op"]
[Site "Grand Havre Bay"]
[Date "2010.10.17"]
[Round "1"]
[White "Heppell, Ian"]
[Black "Fassaert, Desire Jm"]
[Result "1/2-1/2"]
[WhiteElo "2126"]
[BlackElo "1926"]
[PlyCount "32"]
[EventDate "2010.10.17"]
[EventType "swiss"]
[EventRounds "7"]
[EventCountry "GCI"]
[SourceTitle "EXT 2011"]
[Source "ChessBase"]
[SourceDate "2010.11.26"]
[SourceVersion "1"]
[SourceVersionDate "2010.11.26"]
[SourceQuality "1"]

1. e4 c6 2. c4 d5 3. exd5 cxd5 4. cxd5 Nf6 5. Nc3 Nxd5 6. Bc4 Nxc3 7. Qb3 e6 8. dxc3 Qc7 9. Nf3 Nc6 10. 0-0 Bd6 11. Rd1 0-0 12. Bd3 Ne5 13. Nxe5 Bxe5 14. h3 Bd7 15. Qc2 h6 16. Be3 Bc6 1/2-1/2

[Event "Guernsey op 35th"]
[Site "Guernsey"]
[Date "2009.10.23"]
[Round "6"]
[White "Rowe, Peter"]
[Black "Fassaert, Desire Jm"]
[Result "1-0"]
[WhiteElo "2039"]
[BlackElo "1948"]
[PlyCount "125"]
[EventDate "2009.10.18"]
[EventType "swiss"]
[EventRounds "7"]
[EventCountry "GCI"]
[SourceTitle "EXT 2010"]
[Source "ChessBase"]
[SourceDate "2010.11.25"]
[SourceVersion "1"]
[SourceVersionDate "2010.11.25"]
[SourceQuality "1"]

1. d4 Nf6 2. Nf3 e6 3. Bf4 c5 4. e3 b6 5. c3 Bb7 6. Nbd2 cxd4 7. exd4 Be7 8. Bd3 0-0 9. 0-0 Ba6 10. Bxa6 Nxa6 11. Ne5 Nc7 12. c4 Nce8 13. Rc1 Nd6 14. Qe2 Nf5 15. Ndf3 d6 16. Nc6 Qd7 17. Nxe7+ Nxe7 18. Rfd1 h6 19. Ne5 Qb7 20. Ng4 Ne8 21. h4 Ng6 22. Bg3 Rd8 23. h5 Ne7 24. Bh4 Rc8 25. Bxe7 Qxe7 26. Rc3 Nf6 27. Nxf6+ Qxf6 28. Rf3 Qe7 29. Rg3 Kh8 30. b3 a6 31. Re1 Rg8 32. a4 Qf6 33. Qd3 Rc7 34. Qe3 Qd8 35. d5 exd5 36. cxd5 Rc5 37. Qe4 a5 38. Rd3 Qg5 39. Qf3 Rc1 40. Rxc1 Qxc1+ 41. Rd1 Qc7 42. Rd4 Re8 43. Rc4 Qe7 44. g3 Kg8 45. Rc6 Rb8 46. Qf4 Qe5 47. Rxd6 Qxf4 48. gxf4 Rb7 49. Kg2 Kf8 50. Kf3 Ke7 51. Rc6 Kd7 52. Ke4 b5 53. axb5 Rxb5 54. Ra6 Rxb3 55. Rxa5 Rh3 56. Ra7+ Ke8 57. Ke5 Rxh5+ 58. Kd6 f6 59. Ke6 Kd8 60. d6 Kc8 61. d7+ Kb8 62. Ra4 Kc7 63. Rc4+ 1-0

[Event "Guernsey op 35th"]
[Site "Guernsey"]
[Date "2009.10.22"]
[Round "5"]
[White "Fassaert, Desire Jm"]
[Black "Hickman, John"]
[Result "1/2-1/2"]
[WhiteElo "1948"]
[BlackElo "2006"]
[PlyCount "27"]
[EventDate "2009.10.18"]
[EventType "swiss"]
[EventRounds "7"]
[EventCountry "GCI"]
[SourceTitle "EXT 2010"]
[Source "ChessBase"]
[SourceDate "2010.11.25"]
[SourceVersion "1"]
[SourceVersionDate "2010.11.25"]
[SourceQuality "1"]

1. d4 d6 2. e4 Nf6 3. Nc3 c6 4. Nf3 Bg4 5. Be2 e6 6. h3 Bh5 7. Bf4 Be7 8. 0-0 0-0 9. Re1 d5 10. Ne5 Bxe2 11. Rxe2 dxe4 12. Nxe4 Nxe4 13. Rxe4 Nd7 14. Nxd7 1/2-1/2

[Event "Guernsey op 34th"]
[Site "Guernsey"]
[Date "2008.10.24"]
[Round "6"]
[White "Brookfield, Toby"]
[Black "Fassaert, Desire Jm"]
[Result "1-0"]
[WhiteElo "1763"]
[BlackElo "2002"]
[PlyCount "51"]
[EventDate "2008.10.19"]
[EventType "swiss"]
[EventRounds "7"]
[EventCountry "GCI"]
[SourceTitle "EXT 2009"]
[Source "ChessBase"]
[SourceDate "2008.11.26"]
[SourceVersion "1"]
[SourceVersionDate "2008.11.26"]
[SourceQuality "1"]

1. e4 c6 2. d4 d5 3. f3 e6 4. Nc3 Bb4 5. Bf4 Nf6 6. e5 Nfd7 7. Qd3 b6 8. Nge2 Ba6 9. Qe3 h6 10. 0-0-0 Qc7 11. g4 c5 12. Nxd5 Qb7 13. Nxb4 cxb4 14. Qd2 Qxf3 15. Rg1 Nc6 16. Rg3 Qd5 17. Kb1 Rc8 18. Bg2 Qc4 19. d5 Qxe2 20. Qxe2 Bxe2 21. dxc6 Nc5 22. Rd6 Rc7 23. h3 Ke7 24. g5 h5 25. g6 f5 26. Bg5+ 1-0

[Event "Guernsey op 34th"]
[Site "Guernsey"]
[Date "2008.10.20"]
[Round "2"]
[White "Glover, John"]
[Black "Fassaert, Desire Jm"]
[Result "1/2-1/2"]
[WhiteElo "1888"]
[BlackElo "2002"]
[PlyCount "34"]
[EventDate "2008.10.19"]
[EventType "swiss"]
[EventRounds "7"]
[EventCountry "GCI"]
[SourceTitle "EXT 2009"]
[Source "ChessBase"]
[SourceDate "2008.11.26"]
[SourceVersion "1"]
[SourceVersionDate "2008.11.26"]
[SourceQuality "1"]

1. Nf3 c5 2. c4 Nc6 3. g3 g6 4. Bg2 Bg7 5. Nc3 e5 6. d3 Nge7 7. 0-0 0-0 8. e4 d6 9. a3 a5 10. Rb1 h6 11. Ne1 f5 12. exf5 Nxf5 13. Nc2 Bd7 14. Nd5 Rb8 15. Nde3 Kh7 16. Nxf5 Bxf5 17. b4 axb4 1/2-1/2

[Event "Guernsey op 33rd"]
[Site "Guernsey"]
[Date "2007.10.25"]
[Round "5"]
[White "Downey, Kevin"]
[Black "Fassaert, Desire Jm"]
[Result "1/2-1/2"]
[WhiteElo "2060"]
[BlackElo "2009"]
[PlyCount "41"]
[EventDate "2007.10.21"]
[EventType "swiss"]
[EventRounds "7"]
[EventCountry "GCI"]
[SourceTitle "EXT 2009"]
[Source "ChessBase"]
[SourceDate "2008.11.26"]
[SourceVersion "1"]
[SourceVersionDate "2008.11.26"]
[SourceQuality "1"]

1. c4 c5 2. Nf3 Nc6 3. Nc3 g6 4. e3 Nf6 5. d4 cxd4 6. Nxd4 Bg7 7. Be2 0-0 8. 0-0 b6 9. Nc2 Bb7 10. e4 Rc8 11. f3 d6 12. Be3 Qc7 13. Qd2 a6 14. Rac1 Ne5 15. Na3 Ned7 16. Nab1 Qb8 17. b3 Bc6 18. a4 Nc5 19. Qa2 a5 20. Rfd1 Rfd8 21. Na3 1/2-1/2

[Event "Guernsey op 32nd"]
[Site "Grand Harve Bay"]
[Date "2006.10.18"]
[Round "4"]
[White "Fassaert, Desire Jm"]
[Black "Fraser, Mark Gordon"]
[Result "0-1"]
[WhiteElo "2078"]
[BlackElo "2191"]
[PlyCount "32"]
[EventDate "2006.10.15"]
[EventType "swiss"]
[EventRounds "7"]
[EventCountry "GCI"]
[SourceTitle "EXT 2007"]
[Source "ChessBase"]
[SourceDate "2006.11.23"]
[SourceVersion "1"]
[SourceVersionDate "2006.11.23"]
[SourceQuality "1"]

1. Nf3 e6 2. g3 f5 3. Bg2 Nf6 4. c4 d6 5. Nc3 Be7 6. 0-0 0-0 7. d3 e5 8. b4 Qe8 9. Qb3 Kh8 10. Bb2 Qh5 11. Rac1 e4 12. dxe4 fxe4 13. Nxe4 Nxe4 14. Qe3 Bf6 15. Bxf6 Nxf6 16. c5 d5 0-1